LEADER 03762oam 2200733I 450 001 9910972575303321 005 20251117203925.0 010 $a1-317-18627-3 010 $a1-317-18628-1 010 $a1-315-56535-8 010 $a1-282-81943-7 010 $a9786612819438 010 $a1-4094-1518-X 024 7 $a10.4324/9781315565354 035 $a(CKB)2670000000054670 035 $a(EBL)3002235 035 $a(SSID)ssj0000475516 035 $a(PQKBManifestationID)11304150 035 $a(PQKBTitleCode)TC0000475516 035 $a(PQKBWorkID)10469068 035 $a(PQKB)10919549 035 $a(Au-PeEL)EBL3002235 035 $a(CaPaEBR)ebr10421634 035 $a(CaONFJC)MIL281943 035 $a(OCoLC)929147265 035 $a(OCoLC)992196568 035 $a(MiAaPQ)EBC3002235 035 $a(OCoLC)694144004 035 $a(FINmELB)ELB158618 035 $a(BIP)75761137 035 $a(BIP)32024066 035 $a(EXLCZ)992670000000054670 100 $a20180706e20161853 uy 0 101 0 $aeng 135 $aur|n|---||||| 181 $ctxt 182 $cc 183 $acr 200 12$aA true description of three voyages by the north-east towards Cathay and China undertaken by the Dutch in the years 1594, 1595 and 1596 /$fby Gerrit de Veer ; published at Amsterdam in the year 1598, and in 1609 translated into English by Willia 210 $aFarnham, England $cAshgate$d2010 210 1$aLondon :$cRoutledge,$d2016. 215 $a1 online resource (483 p.) 225 1 $aWorks issued by the Hakluyt Society 300 $aFirst published by Ashgate Pub. 300 $aReprint. Originally published: London, 1853. 311 08$a1-4094-1279-2 320 $aIncludes bibliographical references and index. 327 $a""Cover""; ""Introduction""; ""CORRIGENDA ET ADDENDA""; ""The True and perfect Description of three Voyages""; ""To the right worshipfull, Sir Thomas Smith Knight""; ""THE FYRST PART OF THE NAVIGATION INTO THE NORTH SEAS""; ""A BRIEFE DECLARATION OF A SECOND NAVIGATION MADE IN ANNO 1595""; ""THE THIRD VOYAGE NORTH-WARD TO THE KINGDOMES OF CATHAIA AND CATHAIA AND CHINA, IN ANNO 1596""; ""APPENDIX""; ""I. A LETTER FROM JOHN BALAK TO GERARD MERCATOR""; ""II. AN ACCOUNT OF HENRY HUDSON'S VISIT TO NOVAYA ZEMLYA""; ""III. WRITINGS OF WILLIAM BARENTS, PRESERVED BY PURCHAS""; ""INDEX""; ""A""; ""B"" 327 $a""C""""D""; ""E""; ""F""; ""G""; ""H""; ""I""; ""J""; ""K""; ""L""; ""M""; ""N""; ""O""; ""P""; ""Q""; ""R""; ""S""; ""T""; ""V""; ""W""; ""Y""; ""Z""; ""Plate 1""; ""Plate 2""; ""Plate 3""; ""Plate 4""; ""Plate 5""; ""Plate 6""; ""Plate 7""; ""Plate 8""; ""Plate 9""; ""Plate 10""; ""Plate 11""; ""Plate 12""; ""Plate 13""; ""Plate 14""; ""Plate 15""; ""Plate 16"" 330 $aWith an appendix of documents printed by Hakluyt and Purchas. Revised in First Series 54. The plates are taken from the German edition of De Bry, 1599, and are copies of the original Amsterdam edition. This is a new print-on-demand hardback edition of the volume first published in 1853. 410 0$aWorks issued by the Hakluyt Society. 517 1 $aTrue and perfect description of three voyages, so strange and woonderfull, that the like hath neuer been heard of before 607 $aNortheast Passage$vEarly works to 1800 676 $a919.8 700 $aVeer$b Gerrit de.$0868014 701 $aBeke$b Charles T$0661454 701 $aPhillip$b William$01001582 712 02$aHakluyt Society. 801 0$bFlBoTFG 801 1$bFlBoTFG 906 $aBOOK 912 $a9910972575303321 996 $aA true description of three voyages by the north-east towards Cathay and China undertaken by the Dutch in the years 1594, 1595 and 1596$94456549 997 $aUNINA